00434nam a2200157Ia 4500020001800000082001700018245003600035260003900071300000800110440004800118504001900166650003500185700001600220700002000236700002000256 a81-7036-910-X a320.954 POL- 0aPolitics and the state in India aNew DelhibSage Publicationsc2000 a388 aReadings in Indian government and politics  aincludes index aIndiavPolitics and government aHasan, Zoya aMathur, Kuldeep aShah, Ghanshyam